|
|
|
|
| LEADER |
00840cam a2200241 7i4500 |
| 001 |
0000031066 |
| 005 |
20170329090000.0 |
| 020 |
|
|
|a 9781403903846 (pbk.)
|
| 020 |
|
|
|a 1403903840 (pbk.)
|
| 090 |
0 |
0 |
|a HD8072.5
|b .B87 2008
|
| 100 |
1 |
|
|a Burchill, Frank
|
| 245 |
1 |
0 |
|a Labour relations
|c Frank Burchill.
|
| 250 |
|
|
|a 3rd ed.
|
| 260 |
|
|
|a New York, NY:
|b Palgrave Macmillan,
|c 2008.
|
| 300 |
|
|
|a xv, 214 p.:
|b ill.;
|c 24 cm.
|
| 650 |
0 |
0 |
|a Industrial relations
|
| 650 |
0 |
0 |
|a Collective bargaining
|
| 997 |
|
|
|a Business & Accountancy, Faculty
|
| 997 |
|
|
|a Education & Social Sciences, Faculty
|b Social Sciences, Department
|
| 998 |
|
|
|a Industrial Psychology, Degree
|
| 998 |
|
|
|a Human Resource Management, Degree
|
| 999 |
|
|
|a 0000044593
|b BOK
|c OPEN SHELF
|e 1st Floor, Bestari Jaya
|
| 999 |
|
|
|a 0000044594
|b BOK
|c OPEN SHELF
|e 1st Floor, Shah Alam
|